مكتبة جامعة عجلون الوطنية

فهرس بحث المكتبة

خضوع الجرائم الالكترونية للأحكام الخاصة بالشروع = Cybercrimes submissions to the special provisions relating to attempt / (Record no. 33898)

MARC details
000 -LEADER
fixed length control field 01078nam a22002057a 4500
003 - CONTROL NUMBER IDENTIFIER
control field JO-AjAnu
005 - DATE AND TIME OF LATEST TRANSACTION
control field 20250317092757.0
008 - FIXED-LENGTH DATA ELEMENTS--GENERAL INFORMATION
fixed length control field 250315b jo ||||| |||| 00| 0 ara d
040 ## - CATALOGING SOURCE
Original cataloging agency JO-AjAnu
Language of cataloging ara
Transcribing agency JO-AjAnu
Modifying agency JO-AjAnu
Description conventions rda
041 ## - LANGUAGE CODE
Language code of text/sound track or separate title ara
Language code of original ara
050 ## - LIBRARY OF CONGRESS CALL NUMBER
Classification number K564
Item number 2025
100 #1 - MAIN ENTRY--PERSONAL NAME
Personal name العمري، سوار اديب محمود
Relator term معد
9 (RLIN) 66511
245 #0 - TITLE STATEMENT
Title خضوع الجرائم الالكترونية للأحكام الخاصة بالشروع = Cybercrimes submissions to the special provisions relating to attempt /
Statement of responsibility, etc. اعداد سوار اديب محمود العمري ؛ اشراف محمد علي بني مقداد
260 ## - PUBLICATION, DISTRIBUTION, ETC.
Date of publication, distribution, etc. 2025
300 ## - PHYSICAL DESCRIPTION
Extent 117 ورقة
504 ## - BIBLIOGRAPHY, ETC. NOTE
Bibliography, etc. note رسالة جامعية ( رسالة ماجستير في القانون) - جامعة عجلون الوطنية، (عجلون، الاردن) - كلية الحقوق، قسم القانون، 2025.
650 #0 - SUBJECT ADDED ENTRY--TOPICAL TERM
Topical term or geographic name entry element الجرائم الالكترونية - قوانين وتشريعات
9 (RLIN) 66512
700 #1 - ADDED ENTRY--PERSONAL NAME
Personal name بني مقداد، محمد علي
Relator term مشرف
9 (RLIN) 66513
942 ## - ADDED ENTRY ELEMENTS (KOHA)
Source of classification or shelving scheme Library of Congress Classification
Koha item type Thesis
Suppress in OPAC No
Holdings
Withdrawn status Lost status Source of classification or shelving scheme Damaged status Not for loan Home library Current library Date acquired Total Checkouts Full call number Barcode Date last seen Price effective from Koha item type
    Library of Congress Classification     مكتبة جامعة عجلون الوطنية مكتبة جامعة عجلون الوطنية 15/03/2025   K564 2025 a30209 15/03/2025 15/03/2025 Thesis
    Library of Congress Classification     مكتبة جامعة عجلون الوطنية مكتبة جامعة عجلون الوطنية 15/03/2025   K564 2025 a30208 15/03/2025 15/03/2025 Thesis